| 000 | 01814nam a2200325 i 4500 | ||
|---|---|---|---|
| 003 | DO-SdBNP | ||
| 005 | 20250704135414.0 | ||
| 007 | ta | ||
| 008 | 250704s2008 dr co 000 0 spa d | ||
| 040 |
_aDO-SdBNP _bspa _cBNPHU _erda |
||
| 082 |
_axxxx _bM986 _222 |
||
| 110 | 1 |
_aMuseo Bellapart _978529 |
|
| 245 | 1 | 0 |
_aColson Errante / _ctextos, Abelardo Mena Chicuri, María Ugarte, Marianne de Tolentino, Ricardo Ramón Jarne ; fotografías, Roberto Carrera, Gianfranco Lanzetti |
| 264 | 1 |
_aSanto Domingo : _bMeseo Bellapart, _c2008. |
|
| 300 |
_a175 páginas, _bretratos, fotografías _c33 cm. |
||
| 336 |
_2rdacontent _atexto _btxt |
||
| 337 |
_2rdamedia _asin mediación _bn |
||
| 338 |
_2rdacarrier _avolumen _bnc |
||
| 500 | _aMuseo Bellapart 20 de noviembre de 2008 en la sala de exposiciones temporales. | ||
| 505 |
_tUn sueño hecho realidad -- _rJuan José Bellapart, / _tColson: fuerza e instinto creador. -- _rPaula Gómez Jorge, / _tJaime Colson en el museo Bellapart. -- _rRicardo Ramón Jarne / _tJaime Colson: desde el caribe a la modernidad -- _rAbelardo G. Mena Chicuri. / _tLas pasiones de Colson. -- _rMarianne de Tolentino, / _tJaime Colson considera que el arte contemporáneo está barbarizado -- _rMaría Ugarte, / _tLos pasos de Colson 1918-1958 -- _tCronología 1901-2008 -- _tPerfil biográfico de autores -- _tCatálogo de obras -- _tBibliografía / |
||
| 590 | _aInventariado, 2025/ YL | ||
| 700 | 1 |
_aMena Chicuri, Abelardo _etextos _984936 _4tex. |
|
| 700 | 1 |
_aUgarte, María _etextos _4tex. _988267 |
|
| 700 | 1 |
_aTolentino, Marianne de _etextos _4tex. _915222 |
|
| 700 | 1 |
_aJarne, Ricardo Ramón _etextos _4tex. _957611 |
|
| 700 | 1 |
_aCarrera, Roberto _efotografías _4fot. _988268 |
|
| 700 | 1 |
_aLanzetti, Gianfranco _efotografías _4fot. _962924 |
|
| 910 | _aYLockward | ||
| 942 |
_2ddc _cLBS1 |
||
| 999 |
_c59445 _d59445 |
||